Neutral countries in WW2 - Statistics

General Stats
  • This quiz has been taken 114 times
  • The average score is 13 of 19
Answer Stats
Population Continent Country % Correct
10,218,971 Europe Sweden
94%
8,773,637 Europe Switzerland
93%
10,140,570 Europe Portugal
88%
46,719,142 Europe Spain
87%
779 Europe Vatican City
87%
38,387 Europe Liechtenstein
81%
77,463 Europe Andorra
79%
34,085 Europe San Marino
79%
39,783 Europe Monaco
78%
5,020,199 Europe Ireland
77%
86,022,837 Asia Iran
71%
85,561,976 Asia Turkey
60%
35,844,909 Asia Saudi Arabia
56%
40,754,388 Asia Afghanistan
51%
31,154,867 Asia Yemen
49%
30,225,582 Asia Nepal
47%
1,321,910 Europe Estonia
38%
1,848,837 Europe Latvia
38%
2,661,708 Europe Lithuania
37%
No matching quizzes found
Score Distribution
Percent of People with Each Score
Percentile by Number Answered
Your Score History
You have not taken this quiz